000 00224 a2200097 4500
001 58271
100 _a
245 _aApplication of Numerical heat transfer
260 _aNew york
_bMc graw hill
_c1978
090 _c35768
_d35768
942 _aNUST-CAE
_c
_c28633
999 _c293344
_d293344